书目信息 |
| 题名: |
常用美术字汇编
|
|
| 作者: | 汪新 编写 | |
| 分册: | ||
| 出版信息: | 北京 朝花美术出版社 1993.5 |
|
| 页数: | 412页 | |
| 开本: | 26cm | |
| 丛书名: | ||
| 单 册: | ||
| 中图分类: | J292.13 | |
| 科图分类: | ||
| 主题词: | 美术字--汇编 | |
| 电子资源: | ||
| ISBN: | 7-5056-0182-2 | |
| 000 | 00752nam0 2200241 45 | |
| 001 | 0193040457 | |
| 005 | 20061114160838.68 | |
| 010 | @a7-5056-0182-2@dCNY9.50 | |
| 100 | @a19930922d1993 em y0chiy0121 ea | |
| 101 | 0 | @achi |
| 102 | @aCN@b110000 | |
| 105 | @af z 000yy | |
| 200 | 10 | @a常用美术字汇编@ACHANG YONG MEI SHU ZI HUI BIAN@f汪 新等编写@FWANG XIN DENG BIAN XIE |
| 210 | @a北京@c朝花美术出版社@d1993.5 | |
| 215 | @a412页@d26cm | |
| 330 | @a本书共收入1200个单字,列出宋体、黑体、综艺体、长牟体等7种字体。 | |
| 517 | 1 | @a美术字汇编@AMEI SHU ZI HUI BIAN |
| 540 | 1 | @a美术字@AMEI SHU ZI |
| 606 | @a美术字@x汇编 | |
| 690 | @aJ292.13@v三版 | |
| 701 | 0 | @a汪新@AWANG XIN@4编写 |
| 801 | 0 | @aCN@bTSSF@c20061114 |
| 905 | @a10447@dJ292.13@e284 | |
| 常用美术字汇编/汪 新等编写.-北京:朝花美术出版社,1993.5 |
| 412页;26cm |
| ISBN 7-5056-0182-2:CNY9.50 |
| 本书共收入1200个单字,列出宋体、黑体、综艺体、长牟体等7种字体。 |
| ● |
| 相关链接 |
|
|
|
|
正题名:常用美术字汇编
索取号:J292.13/284
 
预约/预借
| 序号 | 登录号 | 条形码 | 馆藏地/架位号 | 状态 | 备注 |
| 1 | 0260901 | 202111641 | 第一样本阅览室/ [索取号:J292.13/284] | 在馆 |